000 01008ntm a22003977a 4500
005 20251010135822.0
008 170317b2013 xxu||||| |||| 00| 0 spa d
020 _a9788415505457
041 _aESP
082 _a302.224.2 C314c
100 _aCarrera Felipe
245 _aEl arte de comunicar bien en el siglo XXI
260 _aEspaña
260 _bProfit
260 _c2013
300 _a180 páginas
490 _aTemática General
650 _aCOMUNICACIÓN ORAL
650 _aLA ESENCIA DE LA COMUNICACIÓN
650 _aCOMUNICACIÓN PRESENCIAL
650 _aLENGUAJE VERBAL
650 _aLENGUAJE NO VERBAL
650 _aEQUIPOS DE APOYO
650 _aCOMUNICACIÓN MULTIMEDIA
650 _aSKYPE
650 _aVIDEOCONFERENCIA
650 _aCOMUNICACIÓN AUDIO
650 _aCOMUNICACIÓN ESCRITA
650 _aTELEVISIÓN
650 _aRADIO
650 _aAUDIOCONFERENCIA
650 _aEMAIL
650 _aVIDEOS
650 _aFEEDBACK
942 _cBK
_2ddc
999 _c9070
_d9070